Некъан кехат (Запись № 12040076)

Подробности
000 -МАРКЕР
контрольное поле 01386nam0a2200313 4500
001 - ИДЕНТИФИКАТОР ЗАПИСИ
контрольное поле RU\NLR\BIBL_A\011509863
005 - ИДЕНТИФИКАТОР ВЕРСИИ
контрольное поле 20250626082322.0
035 ## - ДРУГИЕ СИСТЕМНЫЕ НОМЕРА
Идентификатор записи (NLR Aleph) 011509863
100 ## - ДАННЫЕ ОБЩЕЙ ОБРАБОТКИ
Данные общей обработки 20171030d1932 |||y0rusy50 ca
101 0# - ЯЗЫК РЕСУРСА
Язык текста, звукозаписи и т.д. чеченский
102 ## - СТРАНА ПУБЛИКАЦИИ ИЛИ ПРОИЗВОДСТВА
Страна публикации Российская Федерация
105 ## - ПОЛЕ КОДИРОВАННЫХ ДАННЫХ: ТЕКСТОВЫЕ МАТЕРИАЛЫ, МОНОГРАФИЧЕСКИЕ
Кодированные данные о монографическом текстовом документе y z 000fy
200 1# - ЗАГЛАВИЕ И СВЕДЕНИЯ ОБ ОТВЕТСТВЕННОСТИ
Основное заглавие Некъан кехат
Сведения, относящиеся к заглавию (хабарш)
Первые сведения об ответственности С. Бадуев
210 ## - ПУБЛИКАЦИЯ, РАСПРОСТРАНЕНИЕ И ДР.
Место издания, распространения и т.д. Соьлжа-ГIала
Имя издателя, распространителя и т. д. Нохчоблзорб
Дата издания, распространения и т.д. 1932
215 ## - ФИЗИЧЕСКАЯ ХАРАКТЕРИСТИКА
Специфическое обозначение материала и объем 35 с.
Размеры 19
300 ## - ОБЩИЕ ПРИМЕЧАНИЯ
Текст примечания Латин. графика
327 ## - ПРИМЕЧАНИЯ О СОДЕРЖАНИИ
Текст примечания Содерж.: Некъан кехат ; Тракторхо - Жуьнид ; Тхан хьехархо - М. Горький ; Тоьарду : (поэма)
464 #0 - АНАЛИТИЧЕСКИЙ УРОВЕНЬ
Встроенное поле 2001#$aНекъан кехат
-- 700#1
Заглавие Некъан кехат
Автор
464 #0 - АНАЛИТИЧЕСКИЙ УРОВЕНЬ
Встроенное поле 2001#$aТракторхо - Жуьнид
-- 700#1
Заглавие Тракторхо - Жуьнид
Автор
464 #0 - АНАЛИТИЧЕСКИЙ УРОВЕНЬ
Встроенное поле 2001#$aТхан хьехархо - М. Горький
-- 700#1
Заглавие Тхан хьехархо - М. Горький
Автор
464 #0 - АНАЛИТИЧЕСКИЙ УРОВЕНЬ
Встроенное поле 2001#$aТоьарду$e(поэма)
-- 700#1
Заглавие Тоьарду
Автор
541 1# - ПЕРЕВОД ЗАГЛАВИЯ, СДЕЛАННЫЙ КАТАЛОГИЗАТОРОМ
Заглавие Удостоверение
Сведения, относящиеся к заглавию (худож. рассказы)
Язык заглавия русский
686 1# - ИНДЕКСЫ ДРУГИХ КЛАССИФИКАЦИЙ
Индекс Ш6(2=Че)7 я44
700 #1 - ИМЯ ЛИЦА - ПЕРВИЧНАЯ ОТВЕТСТВЕННОСТЬ
Начальный элемент ввода Бадуев
Часть имени, кроме начального элемента ввода С.С.
Даты 1904-1943
Расширение инициалов личного имени Саид Сулейманович
Код отношения Автор
852 ## - МЕСТОНАХОЖДЕНИЕ И ШИФР ХРАНЕНИЯ
Идентификатор организации NLR
Наименование фонда или коллекции (Sub-Location Identifier) ОНЛ
Шифр хранения (Call Number) Чеч./2-309
942 ## - ДОПОЛНИТЕЛЬНЫЕ ЭЛЕМЕНТЫ ЗАПИСИ (АБИС)
Тип экземпляра АБИС Книга
980 ## - КОЛЛЕКЦИЯ
Название коллекции Национальная библиография
Экземпляры
Тип экземпляра Дата поступления Библиотека постоянного хранения Библиотека текущего хранения Место хранения Шифр хранения Штрих-код Статус экземпляра
Книга 30.10.2017 РНБ (Московский) РНБ (Московский) Фонд национальных литератур ОНЛ Чеч./2-309 1-1450400